| 000 | 00628nam a2200193Ia 4500 | ||
|---|---|---|---|
| 003 | GCL | ||
| 008 | 140319s9999 xx 000 0 ara d | ||
| 020 | _a4185471977 | ||
| 040 |
_aGCL / _cGCL |
||
| 082 | 0 | 4 |
_a944.05 _bل ب |
| 100 | 1 | _aلورنس، هنرى | |
| 245 | 1 | 0 |
_aبونابرت والاسلام بونابرت والدولة اليهودية / _cلورنس، هنرى |
| 250 | _aالاولى | ||
| 260 |
_aالقاهرة : _bمصر العربية للنشر والتوزيع ، _c1998 |
||
| 300 |
_a81 ص ؛ _c18 سم |
||
| 650 | 0 | 4 | _aاليهودية |
| 650 | 0 | 4 | _aنابليون بونابرت |
| 942 |
_2ddc _cBK |
||
| 999 |
_c1002 _d1002 |
||